Quizzes
Events
Quiz Creation
Community
Videos
Private Events
Remove Ads
Sign In
Join for FREE
Feedback
Dark Mode
Quiz Categories
Sports
Geography
Music
Movies
Television
Just For Fun
Miscellaneous
History
Literature
Language
Science
Gaming
Entertainment
Religion
Holiday
For Kids
Quiz Lab
Recent
Popular Today
Quiz Kudos Today
Editor Picks
Curator Picks
Quizzes by...
Day
Popularity
Type
Ratings
Length
Year
Community
Subscriptions
Recent Discussions
Orange Saloon
Badges
Playlists
Quests
Create
Leaderboards
Showdown
Live 5
Trivia Bingo
Activity
Puzzle Library
Sporcle Events
Private Events
Virtual Trivia
Globe League
Become a Host
Pub Owners
SporcleCon
Opinionation
Our Games
Videos
Blog
Mobile Apps
Partnerships
Remove Ads and Go Orange
Feedback
Sports
Athletes
MLB
NBA
NHL
NFL
Soccer
Sports Teams
WWE
NCAA
Football
Premier League
Basketball
Baseball
Hockey
Golf
Tennis
Cricket
Rugby
Auto Racing
Olympics
World Cup
Sports
Athletes
MLB
NBA
NHL
NFL
Soccer
Sports Teams
WWE
NCAA
Football
Premier League
Basketball
Baseball
Hockey
Golf
Tennis
Cricket
Rugby
Auto Racing
Olympics
World Cup
Random Quiz
Search Sporcle
×
Quiz Lab
Quiz Lab
Sports
Baseball
Type in answers that appear in a list
Type in answers that appear in a list
Classic
Best Score? Go Orange.
MLB Pitchers with 2 or More Wins in a World Series Stats
Can you name the MLB Pitchers with Victories in the World Series?
By
aheig82
10m
118 Questions
110 Plays
110 Plays
110 Plays
Comments
Comments
Give Quiz Kudos
Give Quiz Kudos
-
- Ratings
hide this ad
More Info
Replay
Link that replays current quiz
Next Quiz
Link to next quiz in quiz playlist
You Got
0%
They Got
Avg Score
47%
Avg Friend Score
Upgrade to see
Score Distribution
Jump to the score distribution portion of the page
Score
0/118
Timer
10:00
0
Plays Today
Year
Pitcher
% Correct
1955 (New York Yankees)
Whitey Ford
93.6%
1960 (New York Yankees)
Whitey Ford
93.6%
1961 (New York Yankees)
Whitey Ford
93.6%
1963 (Los Angeles Dodgers)
Sandy Koufax
92.7%
1965 (Los Angeles Dodgers)
Sandy Koufax
92.7%
1964 (St. Louis Cardinals)
Bob Gibson
91.8%
1967 (St. Louis Cardinals)
Bob Gibson
91.8%
1968 (St. Louis Cardinals)
Bob Gibson
91.8%
1925 (Washington Senators)
Walter Johnson
90.9%
2001 (Arizona Diamondbacks)
Randy Johnson
90.9%
1984 (Detroit Tigers)
Jack Morris
87.3%
1991 (Minnesota Twins)
Jack Morris
87.3%
1989 (Oakland Athletics)
Dave Stewart
84.5%
1905 (New York Giants)
Christy Mathewson
83.6%
1995 (Atlanta Braves)
Tom Glavine
83.6%
2009 (Philadelphia Phillies)
Cliff Lee
83.6%
1930 (Philadelphia Athletics)
Lefty Grove
81.8%
1931 (Philadelphia Athletics)
Lefty Grove
81.8%
1988 (Los Angeles Dodgers)
Orel Hershiser
81.8%
1972 (Oakland Athletics)
Catfish Hunter
80%
1980 (Philadelphia Phillies)
Steve Carlton
80%
1903 (Boston Americans)
Cy Young
79.1%
1958 (Milwaukee Braves)
Warren Spahn
79.1%
1985 (Kansas City Royals)
Bret Saberhagen
79.1%
1968 (Detroit Tigers)
Mickey Lolich
78.2%
1908 (Chicago Cubs)
Mordecai Brown
75.5%
2009 (New York Yankees)
Andy Pettitte
75.5%
1934 (St. Louis Cardinals)
Dizzy Dean
74.5%
1934 (St. Louis Cardinals)
Paul Dean
74.5%
2010 (San Francisco Giants)
Tim Lincecum
74.5%
1969 (New York Mets)
Jerry Koosman
72.7%
2011 (St. Louis Cardinals)
Chris Carpenter
72.7%
1936 (New York Yankees)
Lefty Gomez
71.8%
1937 (New York Yankees)
Lefty Gomez
71.8%
1975 (Boston Red Sox)
Luis Tiant
70%
1918 (Boston Red Sox)
Babe Ruth
68.2%
1926 (St. Louis Cardinals)
Pete Alexander
66.4%
1945 (Detroit Tigers)
Hal Newhouser
66.4%
1987 (Minnesota Twins)
Frank Viola
66.4%
1997 (Florida Marlins)
Livan Hernandez
66.4%
Year
Pitcher
% Correct
1971 (Baltimore Orioles)
Dave McNally
62.7%
1948 (Cleveland Indians)
Bob Lemon
61.8%
1933 (New York Giants)
Carl Hubbell
60%
1938 (New York Yankees)
Red Ruffing
60%
1990 (Cincinnati Reds)
Jose Rijo
60%
1985 (St. Louis Cardinals)
John Tudor
57.3%
1921 (New York Yankees)
Waite Hoyt
54.5%
1928 (New York Yankees)
Waite Hoyt
54.5%
1955 (Brooklyn Dodgers)
Johnny Podres
54.5%
1957 (Milwaukee Braves)
Lew Burdette
53.6%
1967 (Boston Red Sox)
Jim Lonborg
52.7%
1952 (New York Yankees)
Allie Reynolds
51.8%
1982 (St. Louis Cardinals)
Joaquin Andujar
50.9%
1912 (Boston Red Sox)
Smoky Joe Wood
49.1%
1958 (New York Yankees)
Bob Turley
49.1%
1973 (Oakland Athletics)
Ken Holtzman
48.2%
1923 (New York Yankees)
Herb Pennock
47.3%
1926 (New York Yankees)
Herb Pennock
47.3%
1960 (Pittsburgh Pirates)
Vern Law
47.3%
1986 (Boston Red Sox)
Bruce Hurst
47.3%
1911 (Philadelphia A's)
Chief Bender
44.5%
1913 (Philadelphia A's)
Chief Bender
44.5%
1971 (Pittsburgh Pirates)
Steve Blass
42.7%
1992 (Toronto Blue Jays)
Jimmy Key
40.9%
1906 (Chicago White Sox)
Ed Walsh
40%
1962 (New York Yankees)
Ralph Terry
39.1%
1965 (Minnesota Twins)
Mudcat Grant
39.1%
1989 (Oakland Athletics)
Mike Moore
39.1%
1952 (New York Yankees)
Vic Raschi
37.3%
1920 (Cleveland Indians)
Stan Coveleski
35.5%
1951 (New York Yankees)
Eddie Lopat
33.6%
1943 (New York Yankees)
Spud Chandler
32.7%
1917 (Chicago White Sox)
Red Faber
31.8%
1940 (Cincinnati Reds)
Bucky Walters
30%
1964 (New York Yankees)
Jim Bouton
29.1%
1977 (New York Yankees)
Mike Torrez
29.1%
1982 (Milwaukee Brewers)
Mike Caldwell
29.1%
1931 (St. Louis Cardinals)
Burleigh Grimes
28.2%
1912 (New York Giants)
Rube Marquard
27.3%
1926 (St. Louis Cardinals)
Jesse Haines
27.3%
Year
Pitcher
% Correct
1959 (Los Angeles Dodgers)
Larry Sherry
27.3%
1909 (Pittsburgh Pirates)
Babe Adams
26.4%
1918 (Boston Red Sox)
Carl Mays
26.4%
1960 (Pittsburgh Pirates)
Harvey Haddix
26.4%
1946 (St. Louis Cardinals)
Hank Brecheen
25.5%
2003 (Florida Marlins)
Brad Penny
23.6%
1903 (Pittsburgh Pirates)
Deacon Phillippe
22.7%
1935 (Detroit Tigers)
Tommy Bridges
22.7%
1992 (Toronto Blue Jays)
Duane Ward
22.7%
1940 (Detroit Tigers)
Bobo Newsom
21.8%
1910 (Philadelphia A's)
Jack Coombs
20.9%
1916 (Boston Red Sox)
Ernie Shore
20%
1914 (Boston Braves)
Bill James
19.1%
1940 (Cincinnati Reds)
Paul Derringer
19.1%
1903 (Boston Americans)
Bill Dinneen
18.2%
1908 (Chicago Cubs)
Orval Overall
18.2%
1930 (Philadelphia Athletics)
George Earnshaw
18.2%
1975 (Cincinnati Reds)
Rawly Eastwick
18.2%
1909 (Detroit Tigers)
George Mullin
15.5%
1919 (Chicago White Sox)
Dickie Kerr
15.5%
2000 (New York Yankees)
Mike Stanton
15.5%
1931 (St. Louis Cardinals)
Bill Hallahan
13.6%
1997 (Cleveland Indians)
Chad Ogea
12.7%
1914 (Boston Braves)
Dick Rudolph
10%
1921 (New York Giants)
Jesse Barnes
10%
1935 (Chicago Cubs)
Lon Warneke
10%
1915 (Boston Red Sox)
Rube Foster
9.1%
1924 (Washington Senators)
Tom Zachary
9.1%
1925 (Pittsburgh Pirates)
Ray Kremer
9.1%
1945 (Chicago Cubs)
Hank Borowy
8.2%
1947 (New York Yankees)
Spec Shea
8.2%
1919 (Cincinnati Reds)
Hod Eller
7.3%
1942 (St. Louis Cardinals)
Johnny Beazley
7.3%
2008 (Philadelphia Phillies)
J.C. Romero
7.3%
1921 (New York Giants)
Phil Douglas
6.4%
1925 (Pittsburgh Pirates)
Vic Aldridge
5.5%
1972 (Cincinnati Reds)
Ross Grimsley
5.5%
1947 (Brooklyn Dodgers)
Hugh Casey
1.8%
Quiz Playlist
Details
Report
Send in Message
Add To Playlist
More Info:
MLB Pitchers with two or more victories in a single World Series since 1993.
Classic:
Type in answers that appear in a list
Quiz Source
Last Updated: Feb 16, 2017
Quiz Scoreboard
CHALLENGE
Sign Up to Join the Scoreboard
Show All
Scores
Hide
Comments
May contain spoilers
Recently Published
Billboard Blitz: Fleetwood Mac
by CooCooCachoo
Music
15s
Presidents Visiting Landmarks
by Hejman
History
7m
An Introduction to Baseball
by treessimontrees
Sports
5m
More to Explore
Quiz From the Vault
Featured Blog Post
Where Did the Easter Bunny Come From?
hide this ad
You Might Also Like...
Tags
Baseball Quiz
MLB Quiz
World Quiz
Pitchers
Victory
Win
World Series
Today's Top Quizzes in Sports
Browse Sports
hide this ad
Today's Top Quizzes in Baseball
Browse Baseball
Top Contributed Quizzes in Sports
1
Les meilleurs buteurs des matchs entre le PSG et l’OM
2
2022 World Cup Stars
3
FIFA Club World Cup Champions
4
Les entraîneurs de l'OM et du PSG au 21e siècle
5
Criteria MLB: Left Handed Sluggers
6
Name the Premier League winners with different clubs
7
5-to-1: UK Sports Teams
8
AFC Teams Reveal (Wrong Answers Minefield)
9
Players with Multiple 50 Home Run Seasons
10
5-to-1: FBS Animal Nicknames
Explore More
Trending Topics
Anime
Disney
NBA
Harry Potter
Crossword
Kpop
Marvel
Pokémon
The Office
Song
Puzzle
Country
WWE
NFL
Soccer
hide this ad
More By:
aheig82
Quiz
Plays
Rating
Category
Featured
Created
NBA Last Five 25.0+ PPG Players by Team
144,376
4.51
Sports
Nov 17, 2011
NHL 40+ Goal Scorers per Franchise
46,925
4.56
Sports
Nov 16, 2011
MLB Last Five 40+ HR Hitters by Franchise
12,474
4.56
Sports
Nov 14, 2011
Top 5 Medal Winning Teams in Each Summer Olympics
11,925
4.21
Sports
Jul 14, 2012
Top 10 NBA Scoring Leaders Per Season (1990-2000)
8,236
4.00
Sports
Dec 20, 2012
Go to Creator's Profile
Score Distribution
Quiz Creator Spotlight
aheig82
Follow
Send a Message
Quizzes Created
-
Created Quiz Play Count
-
More By This Creator
Popular Quizzes Today
1
Find the US States - No Outlines Minefield
2
Find the Countries of Europe - No Outlines Minefield
3
The Countries of the World
4
Find the US States
5
US States
6
Risky Map Clicking: Biggest States A-Z
7
Popular People in 1961
8
Movies - When Are They Set?
More Sports Quizzes
Freestyle Skiing Disciplines
Editor's Pick
Trending Quizzes
Risky Map Clicking: Least Populous States A-Z
1-10 Letter G Words
1-10 Letter F Words
Risky Map Clicking: Next State Alphabetically
Risky Map Clicking: Biggest States A-Z
Recently Updated
Leaping Animals
pecheneg
Reality TV Shows (A-Z)
bhenderson79
Rickey Henderson's Hall of Fame Teammates
pecheneg
Champions League XIs: Arsenal
pecheneg
Quick Pick: Celebrities in WWE's Hall of Fame
aduchscher
A-Z Keypad Blitz II
pecheneg
Multiple Oscar Actors
pecheneg
Mystery Phrase Blitz: Oscar 'Best Actors'
pecheneg
F. Scott Fitzgerald Novels
LTH
Pick 3 Villains
ddd62291
Trending Topics
NBA
Disney
Anime
Harry Potter
Marvel
Kpop
Crossword
Country
Puzzle
Song
NFL
Soccer
The Office
WWE
Pokémon
Your Account Isn't Verified!
In order to create a playlist on Sporcle, you need to verify the email address you used during registration. Go to your
Sporcle Settings
to finish the process.
Report this User
Report this user for behavior that violates our
Community Guidelines
.
Details:
Send Report
Go to the Sporcle.com Mobile Site →
Comments